BUBT Library Online Catalog

Secret Documents of Intelligence Branch (IB) on Father of the Nation Bangabandhu Sheikh Mujibur Rahman 1948-1971 Vol-VIII (1964) / (Record no. 6945)

000 -LEADER
fixed length control field 00843nam a22002177a 4500
003 - CONTROL NUMBER IDENTIFIER
control field BUBTL
008 - FIXED-LENGTH DATA ELEMENTS--GENERAL INFORMATION
fixed length control field 230122b ||||| |||| 00| 0 eng d
020 ## - INTERNATIONAL STANDARD BOOK NUMBER
International Standard Book Number 9847021401581
082 ## - DEWEY DECIMAL CLASSIFICATION NUMBER
Classification number 954.92/ H2733s/ 2021
100 ## - MAIN ENTRY--PERSONAL NAME
9 (RLIN) 5159
Personal name Hasina, Sheikh
245 ## - TITLE STATEMENT
Title Secret Documents of Intelligence Branch (IB) on Father of the Nation Bangabandhu Sheikh Mujibur Rahman 1948-1971 Vol-VIII (1964) /
Statement of responsibility, etc. Sheikh Hasina
250 ## - EDITION STATEMENT
Edition statement 1st Edn.
260 ## - PUBLICATION, DISTRIBUTION, ETC. (IMPRINT)
Place of publication, distribution, etc. Dhaka:
Name of publisher, distributor, etc. Hakkani Publishers,
Date of publication, distribution, etc. c2021
300 ## - PHYSICAL DESCRIPTION
Extent LIV, 720 p.:
Other physical details ills.;
Dimensions 27 cm.
500 ## - GENERAL NOTE
General note Includes Index
505 ## - FORMATTED CONTENTS NOTE
Formatted contents note Secret Documents of Intelligence Branch (IB), Father of the Nation, Bangabandhu ,Sheikh Mujibur Rahman, 1948-1971, Sheikh Hasina, Liberation War
650 #0 - SUBJECT ADDED ENTRY--TOPICAL TERM
9 (RLIN) 4372
Topical term or geographic name as entry element Bangabandhu
856 ## - ELECTRONIC LOCATION AND ACCESS
Password 0
Logon 0
Link text Download
942 ## - ADDED ENTRY ELEMENTS (KOHA)
Source of classification or shelving scheme
Koha item type Books
Holdings
Withdrawn status Lost status Source of classification or shelving scheme Damaged status Not for loan Collection code Permanent location Current location Shelving location Date acquired Source of acquisition Inventory number Total Checkouts Full call number Barcode Date last seen Copy number Price effective from Koha item type
          Non-fiction Bangladesh University of Business and Technology Library Bangladesh University of Business and Technology Library Historical Books 12/26/2022 Purchase 29165   954.92/ H2733s/ 2021 BUBTL-200329165 02/05/2023 C-1 02/05/2023 Books
          Non-fiction Bangladesh University of Business and Technology Library Bangladesh University of Business and Technology Library Historical Books 12/26/2022 Purchase 29166   954.92/ H2733s/ 2021 BUBTL-200329166 02/05/2023 C-2 02/05/2023 Books
          Non-fiction Bangladesh University of Business and Technology Library Bangladesh University of Business and Technology Library Historical Books 12/26/2022 Purchase 29167   954.92/ H2733s/ 2021 BUBTL-200329167 02/05/2023 C-3 02/05/2023 Books
          Non-fiction Bangladesh University of Business and Technology Library Bangladesh University of Business and Technology Library Historical Books 12/26/2022 Purchase 29168   954.92/ H2733s/ 2021 BUBTL-200329168 02/05/2023 C-4 02/05/2023 Books
          Non-fiction Bangladesh University of Business and Technology Library Bangladesh University of Business and Technology Library Historical Books 12/26/2022 Purchase 29169   954.92/ H2733s/ 2021 BUBTL-200329169 02/05/2023 C-5 02/05/2023 Books

More Information About Library

Library Hours

  • Open: 9.00 am. to 9.00 pm.
  • Only Sunday: 9.00 am. to 6.00 pm.
  • Closed: Holiday

Contact to the University

Bangladesh University of Business and Technology Library

  • Mirpurl-2, 1216.
  • Phone:
  • Fax:
  • E-Mail: admin.library@bubt.edu.bd

Contact to the Library

Contact Person:

Md. Abdul Hakim Shah
Joint Librarian
PABX No:  113
Cell No: 01816332931
E-mail: official: admin.library@bubt.edu.bd
Personal: hakim.shah@bubt.edu.bd


BUBT Library

Copyright © 2021